000 00452nam a2200181Ia 4500
008 240925s9999 xx 000 0 und d
020 _aNA
082 _a599.5 PAP
100 _aPapastavrou, Vassili
245 0 _aWhale: eyewitness books
250 _aNA
260 _aNew York:
_bAlfred -A Knope
_c,1990.
300 _a64p.
_bNA
_fOriginal
500 _aIncludes Index
600 _aHumanities & Natural Science
650 _aAnimals
942 _cBK
999 _c2901
_d2901